LEADER 03930nam 22007335 450 001 9910906198503321 005 20241108115757.0 010 $a9789819779130$b(electronic bk.) 010 $z9789819779123 024 7 $a10.1007/978-981-97-7913-0 035 $a(MiAaPQ)EBC31758490 035 $a(Au-PeEL)EBL31758490 035 $a(CKB)36516672400041 035 $a(DE-He213)978-981-97-7913-0 035 $a(OCoLC)1475020936 035 $a(EXLCZ)9936516672400041 100 $a20241108d2024 u| 0 101 0 $aeng 135 $aurcnu|||||||| 181 $ctxt$2rdacontent 182 $cc$2rdamedia 183 $acr$2rdacarrier 200 10$aNovel Proton Conducting in Free-Standing Coordination Polymer Membranes /$fby Jiangfeng Lu 205 $a1st ed. 2024. 210 1$aSingapore :$cSpringer Nature Singapore :$cImprint: Springer,$d2024. 215 $a1 online resource (94 pages) 225 1 $aSpringer Theses, Recognizing Outstanding Ph.D. Research,$x2190-5061 311 08$aPrint version: Lu, Jiangfeng Novel Proton Conducting in Free-Standing Coordination Polymer Membranes Singapore : Springer,c2025 9789819779123 327 $aGeneral Introduction -- High Performance All Solid State Proton Rectifier Using a Heterogeneous Membrane Composed of Coordination Polymer and Layered Double Hydroxide.-Robust Proton Conduction against Mechanical Stress in Flexible Free Standing Membrane Composed of Two Dimensional Coordination Polymer -- Proton Conducting Behavior in Flexible Coordination Polymer Free-Standing Membranes -- General Conclusion. 330 $aThis book investigates the development of high proton conduction properties free-standing two-dimensional coordination polymer membranes, with the goal of elucidating the mechanical flexibility, proton conduction behavior, and structural characteristics of these materials under varying environmental conditions. The book evaluates the possible uses of these membranes in flexible electronics and energy technologies and thoroughly examines proton conduction mechanisms using an interdisciplinary research approach that combines chemistry, physics, materials science, and engineering. The most recent scientific developments in novel proton conduction materials are covered, along with preparation and structural characterization procedures and their possible uses in energy, environmental, and electronic technology applications. The research findings presented are extremely important for advancing the creation of clean energy technologies and tackling the problem of climate change. They are also especially relevant given the rising demand for sustainable energy technologies throughout the world. 410 0$aSpringer Theses, Recognizing Outstanding Ph.D. Research,$x2190-5061 606 $aElectronics$xMaterials 606 $aChemistry, Inorganic 606 $aPolymers 606 $aElectrochemistry 606 $aGreen chemistry 606 $aMaterials$xAnalysis 606 $aElectronic Materials 606 $aInorganic Chemistry 606 $aPolymers 606 $aElectrochemistry 606 $aGreen Chemistry 606 $aCharacterization and Analytical Technique 615 0$aElectronics$xMaterials. 615 0$aChemistry, Inorganic. 615 0$aPolymers. 615 0$aElectrochemistry. 615 0$aGreen chemistry. 615 0$aMaterials$xAnalysis. 615 14$aElectronic Materials. 615 24$aInorganic Chemistry. 615 24$aPolymers. 615 24$aElectrochemistry. 615 24$aGreen Chemistry. 615 24$aCharacterization and Analytical Technique. 676 $a541.0421 676 $a621.3815 700 $aLu$b Jiangfeng$01775535 801 0$bMiAaPQ 801 1$bMiAaPQ 801 2$bMiAaPQ 912 $a9910906198503321 996 $aNovel Proton Conducting in Free-Standing Coordination Polymer Membranes$94290177 997 $aUNINA